<The> Invisible Gorilla And Other Ways Our Intuitions Deceive Us

Salvato in:
Dettagli Bibliografici
Autore principale: Chabris, Christopher
Altri autori: Simons, Daniel
Natura: Libro
Lingua:inglese
Pubblicazione: New York Broadway Paperbacks 2010
Soggetti:
Tags: Aggiungi Tag
Nessun Tag, puoi essere il primo ad aggiungerne!!

MARC

LEADER 00000nam a2200000 4500
001 0259594
005 20240306135754.6
020 |a 978-0-307-45966-4 
020 |a 978-0-307-45967-1 
041 0 |a eng 
044 |a US 
245 1 0 |a <The> Invisible Gorilla  |b And Other Ways Our Intuitions Deceive Us  |c Christopher Chabris and Daniel Simons 
264 1 |a New York  |b Broadway Paperbacks  |c 2010 
300 |a 306 s. 
610 2 0 |a spoločnosť 
610 2 0 |a mienka verejná 
610 2 0 |a svetonázor 
610 2 0 |a experimenty 
610 2 0 |a vedomosti 
610 2 0 |a psychológia 
610 2 0 |a experti 
100 1 |a Chabris, Christopher 
700 1 |a Simons, Daniel